Bausteine (Record no. 48307)

MARC details
000 -LEADER
campo de control de longitud fija 00507nam a22001815i 4500
001 - NÚMERO DE CONTROL
campo de control 48307
003 - IDENTIFICADOR DE NÚMERO DE CONTROL
campo de control ES-MaACL
007 - CAMPO FIJO DE DESCRIPCIÓN FÍSICA--INFORMACIÓN GENERAL
campo de control de longitud fija t|
008 - DATOS DE LONGITUD FIJA--INFORMACIÓN GENERAL
campo de control de longitud fija 950712m18791880gw ||||1| ger d
040 ## - FUENTE DE CATALOGACIÓN
Centro catalogador/agencia de origen CAM
Lengua de catalogación spa
Centro/agencia transcriptor CAM
100 1# - ENTRADA PRINCIPAL--NOMBRE DE PERSONA
Nombre de persona Dahn, Felix.
9 (RLIN) 42450
245 10 - MENCIÓN DEL TÍTULO
Título Bausteine
Resto del título : gesammelte kleine Schriften /
Mención de responsabilidad, etc. von Felix Dahn.
260 ## - PUBLICACIÓN, DISTRIBUCIÓN, ETC.
Lugar de publicación, distribución, etc. Berlin :
Nombre del editor, distribuidor, etc. verlag von Otto Jante,
Fecha de publicación, distribución, etc. 1879-1880.
300 ## - DESCRIPCIÓN FÍSICA
Extensión 2 v. ;
Dimensiones 22 cm.
700 1# - ENTRADA AGREGADA--NOMBRE PERSONAL
Nombre de persona Jante, Otto,
Término indicativo de función/relación
9 (RLIN) 201321
852 ## - LOCALIZACIÓN
Ubicación ES-MaACL
Número de control de estantería G-2884-5
Holdings
Estatus retirado Estado de pérdida Estado de daño No para préstamo Colección Biblioteca de origen Biblioteca actual Ubicación en estantería Fecha de adquisición Fuente de adquisición Total de préstamos Signatura topográfica completa Código de barras Visto por última vez Precio de reemplazo Tipo de ítem Koha
        Libros del s. XIX Biblioteca del Ateneo de Madrid Biblioteca del Ateneo de Madrid Depósito 2 17/01/2008     G-2884-5 1050839 23/02/2023 23/02/2023 Libro impreso antiguo